000
00299nam a22001337a 4500
008
170526b xxu||||| |||| 00| 0 eng d
020
_a
0830601716
041
_a
eng
080
_a
621(075.8)
100
_a
27
101
_a
IM
245
_a
MORE PROJECTS FROM PINE
_c
JACOBSON, J.A
942
_2
udc
_c
BK
999
_c
14471
_d
14471